[Event "KUW-ch"]
[Site "Kuwait City"]
[Date "2024.01.30"]
[Round "7"]
[White "Hashem, Khaled"]
[Black "Alrefae, Ahmad"]
[Result "1-0"]
[WhiteElo "1868"]
[BlackElo "1338"]
[PlyCount "66"]
[EventDate "2024.01.22"]
[EventType "swiss"]
[EventRounds "9"]
[EventCountry "KUW"]
[SourceTitle "CB07_2024"]
[SourceDate "2024.02.14"]
[SourceVersion "1"]
[SourceVersionDate "2024.02.14"]
[SourceQuality "1"]

1. Nf3 f5 2. g3 Nf6 3. Bg2 d6 4. d4 e6 5. c4 Be7 6. Nc3 0-0 7. Qc2 a5 8. e4 fxe4 9. Nxe4 Nc6 10. a3 e5 11. dxe5 dxe5 12. Bg5 Nxe4 13. Bxe7 Qxe7 14. Qxe4 Bf5 15. Qe3 Rad8 16. 0-0 Rd3 17. Qg5 Qd6 18. Nh4 Be6 19. Be4 Rd4 20. Rfe1 Rd2 21. Nf3 Rxb2 22. Qc1 Rb3 23. Ng5 Bf5 24. Bd5+ Kh8 25. Nf7+ Rxf7 26. Bxf7 Qf6 27. Bd5 Nd4 28. Ra2 Nf3+ 29. Bxf3 Rxf3 30. Rae2 e4 31. Re3 h6 32. Rxf3 exf3 33. Qf4 Qc3 1-0